| 000 | 00868cab a2200229 4500 | ||
|---|---|---|---|
| 008 | 090401t xxu||||| |||| 00| 0 eng d | ||
| 035 | _a(Sirsi) u99741 | ||
| 041 | _aeng | ||
| 100 | _aLoosemore, M. | ||
| 245 | _aBargaining tactics in construction disputes | ||
| 350 | _a0 | ||
| 490 |
_aConstruction Management & Economics _v17(2) |
||
| 520 | _aConsiders the bargaining process during construction disputes. Suggests that bargaining as a method of dispute resolution is overlooked in favour of better know, often more costly methods, such as adjudiction. | ||
| 650 | _aBARGAINING | ||
| 650 | _aCLAIMS | ||
| 650 | _aCONSTRUCTION DISPUTES | ||
| 650 |
_aDISPUTE RESOLUTION _96236 |
||
| 650 | _aNEGOTIATION | ||
| 690 | _aMANAGEMENT-DISPUTE AVOIDANCE, MANAGEMENT AND RESOLUTION-DISPUTE MANAGEMENT AND RESOLUTION-ARBITRATION | ||
| 942 | _n0 | ||
| 948 | _c05/03/1999 | ||
| 999 |
_c59977 _d59977 |
||